| 000 | 01308cam a2200325 a 4500 | ||
|---|---|---|---|
| 999 |
_c8336 _d8336 |
||
| 001 | 15884535 | ||
| 003 | GZU | ||
| 005 | 20210519114135.0 | ||
| 008 | 090828s2010 nyua b 001 0 eng | ||
| 010 | _a 2009036062 | ||
| 020 | _a9780070167087 (pbk.) | ||
| 035 | _a(OCoLC)ocn320803677 | ||
| 040 |
_aDLC _cDLC _dYDX _dYDXCP _dT2N _dBTCTA _dDLC |
||
| 050 | 0 | 0 |
_aHF5548.2 _b.O'BR 2010 |
| 082 | 0 | 0 |
_a658.4/038 _222 |
| 100 | 1 |
_aO'Brien, James A., _d1936- |
|
| 245 | 1 | 0 |
_aIntroduction to information systems / _cJames A. O'Brien, George M. Marakas. |
| 250 | _a15th ed. | ||
| 260 |
_aNew York : _bMcGraw-Hill Irwin, _cc2010. |
||
| 300 |
_axxxiii, 592 p. : _bcol. ill. ; _c28 cm. |
||
| 504 | _aIncludes bibliographical references and indexes. | ||
| 650 | 0 |
_aBusiness _xData processing. |
|
| 650 | 0 |
_aManagement _xData processing. |
|
| 650 | 0 | _aManagement information systems. | |
| 650 | 0 | _aElectronic commerce. | |
| 700 | 1 | _aMarakas, George M. | |
| 906 |
_a7 _bcbc _corignew _d1 _eecip _f20 _gy-gencatlg |
||
| 942 |
_2lcc _cBK _e15th ed. _h58.5 _iO'BR _kT |
||